000 00727nam a2200193 a 4500
001 000226247
003 AM-YeHGA
005 20250618071538.0
008 030519s1942 ai |||||r|||||000|0|arm|d
040 _aAM-YeHGA
041 0 _aarm
245 0 0 _aՍովետական Միության հերոս Զոյա Անատոլևնա Կոսմոդեմյանսկայա («Տանյա») :
_b(Մոսկվայի 201-րդ դպր. աշակերտ-կոմերիտուհի) /
_cԽմբագիր՚ Ս. Օհանյան.
260 _aԵրևան :
_bԱ. հ.,
_c1942.
300 _a36 էջ ;
_c21 սմ.
650 1 4 _aՀայրենական Մեծ պատերազմ
_9887
700 1 _aՕհանյան, Ս.
_eխմբ.
_4edt
942 _2udc
_cBK
090 _c80827
999 _c79560
_d79560